ბათუმის შოთა რუსთაველის სახელმწიფო უნივერსიტეტის ბიბლიოთეკა

Машиностроение. Том 6, раздел третий: технология производства машин. (ბიბ.ჩანაწერი № 42642)

000 -LEADER
fixed length control field 00736nam a2200205Ia 4500
001 - CONTROL NUMBER
control field 9346
003 - CONTROL NUMBER IDENTIFIER
control field GE_BSU
008 - FIXED-LENGTH DATA ELEMENTS--GENERAL INFORMATION
fixed length control field 181216s||||||||xx |||||||||||||| ||und||
040 ## - CATALOGING SOURCE
Transcribing agency GE_BSU
080 ## - UNIVERSAL DECIMAL CLASSIFICATION NUMBER
Universal Decimal Classification number 621.002.001(031)
245 ## - TITLE STATEMENT
Title Машиностроение. Том 6, раздел третий: технология производства машин.
245 ## - TITLE STATEMENT
Remainder of title Энциклопедический словарь.
245 ## - TITLE STATEMENT
Statement of responsibility, etc. Ред. совет: предс. совета и глав. ред. Е.А.Чудаков. Отв. ред. В.М.Кован.
260 ## - PUBLICATION, DISTRIBUTION, ETC.
Place of publication, distribution, etc. М.
260 ## - PUBLICATION, DISTRIBUTION, ETC.
Name of publisher, distributor, etc. Машгиз.
260 ## - PUBLICATION, DISTRIBUTION, ETC.
Date of publication, distribution, etc. 1946-1951.
300 ## - PHYSICAL DESCRIPTION
Extent 548 стр. с илл. 27 см.
653 ## - INDEX TERM--UNCONTROLLED
Uncontrolled term Машиностроение.
942 ## - ADDED ENTRY ELEMENTS (KOHA)
Koha item type წიგნი
ეგზემპლარები
Withdrawn status Lost status Damaged status Not for loan Date acquired Barcode Date last seen Price effective from Koha item type
        2018-12-17 10281 2018-12-17 2018-12-17 წიგნი